000 00328 a2200145 4500
001 60064
020 _a9783125344686
040 _cAnchieta - Pituba
240 1 0 _aEli illustrierter wortschatz
_ldeu / ger
245 1 0 _aEli illustrierter wortschatz
300 _a96
362 0 _a2007
650 4 _aLíngua alemã
942 _cBK
999 _c60064
_d60064